Southville International School and Colleges
Your cart is empty.
  • Cart
  • Lists
    Public lists Eva Luna New books Lux_list list_1
    Your lists Log in to create your own lists
  • Log in to your account
  • Your cookies
  • Search history
Southville International School and Colleges
  • Advanced search
  • Recent comments
  • Most popular
  • Libraries

Log in to your account

Log in with GOOGLE


If you do not have an external account, but do have a local account, you can still log in:

  1. Home
  2. MARC view: Everything you need to know about English homework /
Normal view MARC view ISBD view

Everything you need to know about English homework / (Record no. 6843)

[ view plain ]
MARC details
000 -LEADER
fixed length control field 00712nam a22002417a 4500
003 - CONTROL NUMBER IDENTIFIER
control field OSt
005 - DATE AND TIME OF LATEST TRANSACTION
control field 20140310181918.0
008 - FIXED-LENGTH DATA ELEMENTS--GENERAL INFORMATION
fixed length control field 130717t xxu||||| |||| 00| 0 eng d
020 ## - INTERNATIONAL STANDARD BOOK NUMBER
International Standard Book Number 9780590493611
050 ## - LIBRARY OF CONGRESS CALL NUMBER
Classification number LB 1576
Item number .Z46 1995
082 ## - DEWEY DECIMAL CLASSIFICATION NUMBER
Classification number TR 372.6
Item number Z4 1995
100 ## - MAIN ENTRY--PERSONAL NAME
Personal name Zeman, Anne
9 (RLIN) 1228
245 ## - TITLE STATEMENT
Title Everything you need to know about English homework /
Statement of responsibility, etc Anne Zeman.
260 ## - PUBLICATION, DISTRIBUTION, ETC. (IMPRINT)
Place of publication, distribution, etc New York :
Name of publisher, distributor, etc Scholastic Inc,
Date of publication, distribution, etc 1995.
300 ## - PHYSICAL DESCRIPTION
Extent 191p. :
Other physical details ill. ;
Dimensions 27 cm.
500 ## - GENERAL NOTE
General note Includes index.
521 ## - TARGET AUDIENCE NOTE
Target audience note
541 ## - IMMEDIATE SOURCE OF ACQUISITION NOTE
-- 1
562 ## - COPY AND VERSION IDENTIFICATION NOTE
Number of copies 1
648 ## - SUBJECT ADDED ENTRY--CHRONOLOGICAL TERM
Chronological term Language arts
General subdivision Jubvenile literature
9 (RLIN) 1229
648 ## - SUBJECT ADDED ENTRY--CHRONOLOGICAL TERM
Chronological term Homework
General subdivision Juvenile literature
9 (RLIN) 1230
942 ## - ADDED ENTRY ELEMENTS (KOHA)
Source of classification or shelving scheme Library of Congress Classification
Koha item type
Call number prefix
Holdings
Withdrawn status Lost status Source of classification or shelving scheme Damaged status Home library Current library Shelving location Date acquired Total Checkouts Full call number Barcode Date last seen Copy number Price effective from Koha item type
    Library of Congress Classification   Luxembourg Library Luxembourg Library Teachers Reference Section 07/17/2013   LB 1576 .Z46 1995 5434 08/13/2013 1 07/17/2013 Books

Everything you need to know about English homework /

APA

Zeman A., . (1995). Everything you need to know about English homework. New York: Scholastic Inc.

Chicago

Zeman Anne, . 1995. Everything you need to know about English homework. New York: Scholastic Inc.

Harvard

Zeman A., . (1995). Everything you need to know about English homework. New York: Scholastic Inc.

MLA

Zeman Anne, . Everything you need to know about English homework. New York: Scholastic Inc. 1995.

  • Place hold
  • Print
  • Cite
  • Add to your cart (remove)
  • Save record
    BIBTEX Dublin Core MARCXML MARC (non-Unicode/MARC-8) MARC (Unicode/UTF-8) MARC (Unicode/UTF-8, Standard) MODS (XML) RIS
  • More searches
    Search for this title in:
    Other Libraries (WorldCat) Other Databases (Google Scholar) Online Stores (Bookfinder.com) Open Library (openlibrary.org)

Exporting to Dublin Core...

SOUTHVILLE LIBRARY

Southville International School and Colleges Library

1281 Tropical Ave. Cor. Luxembourg St., BF Homes International, Las Pinas City

Tel. No. 8256374 / 252358 Loc. 117/146

Powered by Koha